00245 a2200109 4500001000700000020000600007040001100013100003500024240003600059245003100095362000900126169241 a  cMagnum aCampos, Dinah Martins de Souza10aPsicologia da aprendizagemlpor10aPsicologia da aprendizagem0 a1899